[Event "Rapid 2018"]
[Site "Saint-Petersburg"]
[Date "2018.12.28"]
[Round "11"]
[Board "73"]
[White "Zhigalko Andrey (BLR)"]
[Black "Gaifullin Artur (RUS)"]
[Result "1-0"]
[LiveChessVersion "1.4.8"]
[BlackElo "2156"]
[WhiteElo "2523"]

1. c4 {[%clk 0:15:19]} e6 {[%clk 0:15:19]} 2. Nc3 {[%clk 0:15:28]} d5
{[%clk 0:15:28]} 3. d4 {[%clk 0:15:36]} Nf6 {[%clk 0:15:31]} 4. cxd5
{[%clk 0:15:45]} exd5 {[%clk 0:15:39]} 5. Bg5 {[%clk 0:15:53]} Be7
{[%clk 0:15:44]} 6. e3 {[%clk 0:16:01]} O-O {[%clk 0:15:48]} 7. Bd3
{[%clk 0:16:08]} c6 {[%clk 0:15:50]} 8. Qc2 {[%clk 0:15:35]} Nbd7
{[%clk 0:15:58]} 9. Nge2 {[%clk 0:15:38]} Re8 {[%clk 0:16:06]} 10. O-O
{[%clk 0:15:41]} Nf8 {[%clk 0:16:15]} 11. f3 {[%clk 0:15:49]} c5 {[%clk 0:14:00]}
12. Rad1 {[%clk 0:13:02]} c4 {[%clk 0:09:51]} 13. Bf5 {[%clk 0:13:09]} Be6
{[%clk 0:09:59]} 14. Nf4 {[%clk 0:09:58]} h6 {[%clk 0:09:25]} 15. Nxe6
{[%clk 0:08:48]} fxe6 {[%clk 0:07:18]} 16. Bxf6 {[%clk 0:08:54]} Bxf6
{[%clk 0:07:27]} 17. Bg4 {[%clk 0:08:50]} Qb6 {[%clk 0:06:24]} 18. f4
{[%clk 0:08:15]} Rad8 {[%clk 0:04:19]} 19. Kh1 {[%clk 0:08:23]} Qc6
{[%clk 0:04:12]} 20. a4 {[%clk 0:07:28]} a6 {[%clk 0:03:23]} 21. a5
{[%clk 0:06:35]} Qc7 {[%clk 0:03:33]} 22. f5 {[%clk 0:05:11]} e5 {[%clk 0:03:30]}
23. e4 {[%clk 0:04:36]} exd4 {[%clk 0:02:50]} 24. Nxd5 {[%clk 0:04:43]} Rxd5
{[%clk 0:03:00]} 25. exd5 {[%clk 0:04:48]} d3 {[%clk 0:02:36]} 26. Rxd3
{[%clk 0:04:46]} Qf4 {[%clk 0:02:43]} 27. Qd1 {[%clk 0:04:10]} Qxf1+
{[%clk 0:02:51]} 28. Qxf1 {[%clk 0:04:17]} cxd3 {[%clk 0:03:01]} 29. g3
{[%clk 0:03:08]} Re4 {[%clk 0:02:55]} 30. h3 {[%clk 0:01:03]} d2 {[%clk 0:02:30]}
31. Qd3 {[%clk 0:00:58]} Rd4 {[%clk 0:02:39]} 32. Qb3 {[%clk 0:01:06]} Nd7
{[%clk 0:02:46]} 33. d6+ {[%clk 0:00:24]} Kh8 {[%clk 0:02:32]} 34. Bd1
{[%clk 0:00:19]} Rxd6 {[%clk 0:01:31]} 35. Qxb7 {[%clk 0:00:25]} Kh7
{[%clk 0:01:34]} 36. Kg2 {[%clk 0:00:30]} Be5 {[%clk 0:01:13]} 37. b4
{[%clk 0:00:23]} Rd3 {[%clk 0:00:40]} 38. Qxa6 {[%clk 0:00:12]} Rxg3+
{[%clk 0:00:47]} 39. Kf1 {[%clk 0:00:15]} Nf6 {[%clk 0:00:43]} 40. Qc6
{[%clk 0:00:17]} Re3 {[%clk 0:00:37]} 41. Qc2 {[%clk 0:00:14]} Ne4
{[%clk 0:00:24]} 42. f6 {[%clk 0:00:17]} gxf6 {[%clk 0:00:31]} 43. a6
{[%clk 0:00:21]} Bd4 {[%clk 0:00:40]} 44. a7 {[%clk 0:00:14]} Bxa7 45. Qc7+
{[%clk 0:00:20]} Kg6 {[%clk 0:00:52]} 46. Bc2 {[%clk 0:00:11]} Re1+
{[%clk 0:00:33]} 47. Kg2 {[%clk 0:00:20]} Bd4 {[%clk 0:00:38]} 48. Qd7
{[%clk 0:00:18]} d1=Q {[%clk 0:00:31]} 49. Bxd1 {[%clk 0:00:24]} Rg1+
{[%clk 0:00:36]} 50. Kh2 {[%clk 0:00:27]} Be3 {[%clk 0:00:12]} 51. Bc2
{[%clk 0:00:22]} f5 {[%clk 0:00:22]} 52. Bxe4 {[%clk 0:00:17]} fxe4
{[%clk 0:00:31]} 53. Qe6+ {[%clk 0:00:21]} Kg7 {[%clk 0:00:19]} 54. Qe5+
{[%clk 0:00:24]} Kf7 {[%clk 0:00:24]} 55. Qxe4 {[%clk 0:00:14]} Re1
{[%clk 0:00:33]} 56. Kg2 {[%clk 0:00:14]} Rg1+ {[%clk 0:00:33]} 57. Kf3
{[%clk 0:00:21]} Bg5 {[%clk 0:00:36]} 58. Qd5+ {[%clk 0:00:26]} Kg6
{[%clk 0:00:38]} 59. h4 {[%clk 0:00:14]} Rf1+ {[%clk 0:00:21]} 60. Kg2
{[%clk 0:00:18]} Rf5 {[%clk 0:00:22]} 61. Qg8+ {[%clk 0:00:13]} Kf6
{[%clk 0:00:31]} 62. Qh8+ {[%clk 0:00:17]} Ke7 {[%clk 0:00:25]} 63. hxg5
{[%clk 0:00:20]} Rxg5+ {[%clk 0:00:35]} 64. Kf3 {[%clk 0:00:27]} Rb5
{[%clk 0:00:40]} 65. Qg7+ {[%clk 0:00:25]} Ke8 {[%clk 0:00:33]} 66. Qxh6
{[%clk 0:00:29]} Kd7 {[%clk 0:00:40]} 67. Qf4 {[%clk 0:00:26]} Kc6
{[%clk 0:00:48]} 68. Ke3 {[%clk 0:00:28]} Rb6 {[%clk 0:00:47]} 69. Kd3
{[%clk 0:00:20]} Kb5 {[%clk 0:00:46]} 70. Kc3 {[%clk 0:00:22]} Rc6+
{[%clk 0:00:53]} 71. Kb3 {[%clk 0:00:27]} Kb6 {[%clk 0:00:59]} 72. Qe5
{[%clk 0:00:27]} Rg6 {[%clk 0:00:58]} 73. Qd4+ {[%clk 0:00:26]} Kc7
{[%clk 0:01:06]} 74. Qf4+ {[%clk 0:00:28]} Kb6 {[%clk 0:00:56]} 75. Qb8+
{[%clk 0:00:34]} Ka6 {[%clk 0:01:03]} 76. Ka4 {[%clk 0:00:28]} Rg4
{[%clk 0:00:51]} 77. Qc8+ {[%clk 0:00:35]} 1-0

[Event "Rapid 2018"]
[Site "Saint-Petersburg"]
[Date "2018.12.28"]
[Round "11"]
[Board "74"]
[White "Anikonov Dmitry (RUS)"]
[Black "Jones Gawain C B (ENG)"]
[Result "1/2-1/2"]
[LiveChessVersion "1.4.8"]
[BlackElo "2655"]
[WhiteElo "2413"]

1. d4 {[%clk 0:10:48]} g6 {[%clk 0:14:58]} 2. c4 {[%clk 0:10:46]} Bg7
{[%clk 0:15:07]} 3. g3 {[%clk 0:10:42]} c5 {[%clk 0:15:00]} 4. d5
{[%clk 0:10:47]} b5 {[%clk 0:15:01]} 5. cxb5 {[%clk 0:10:31]} a6 {[%clk 0:15:09]}
6. bxa6 {[%clk 0:10:25]} Nf6 {[%clk 0:15:04]} 7. Nc3 {[%clk 0:10:33]} O-O
{[%clk 0:15:05]} 8. Nf3 {[%clk 0:10:21]} d6 {[%clk 0:14:44]} 9. Bg2
{[%clk 0:10:15]} Nxa6 {[%clk 0:14:31]} 10. O-O {[%clk 0:10:21]} Qb6
{[%clk 0:13:53]} 11. Re1 {[%clk 0:09:55]} Bd7 {[%clk 0:12:57]} 12. e4
{[%clk 0:10:00]} Ng4 {[%clk 0:12:47]} 13. h3 {[%clk 0:09:33]} Ne5
{[%clk 0:12:55]} 14. Nxe5 {[%clk 0:09:41]} Bxe5 {[%clk 0:13:04]} 15. f4
{[%clk 0:09:44]} Bd4+ {[%clk 0:12:53]} 16. Kh2 {[%clk 0:09:52]} Nb4
{[%clk 0:12:13]} 17. Be3 {[%clk 0:08:37]} Rfb8 {[%clk 0:10:57]} 18. Qd2
{[%clk 0:08:28]} Bxe3 {[%clk 0:10:58]} 19. Rxe3 {[%clk 0:08:36]} c4
{[%clk 0:11:06]} 20. Re2 {[%clk 0:08:05]} Ra7 {[%clk 0:10:01]} 21. e5
{[%clk 0:07:32]} Bf5 {[%clk 0:09:50]} 22. exd6 {[%clk 0:07:04]} exd6
{[%clk 0:09:30]} 23. Rae1 {[%clk 0:07:04]} Nd3 {[%clk 0:08:57]} 24. Re8+
{[%clk 0:07:03]} Kg7 {[%clk 0:09:06]} 25. Rxb8 {[%clk 0:06:43]} Qxb8
{[%clk 0:09:14]} 26. Re2 {[%clk 0:06:50]} h5 {[%clk 0:08:06]} 27. Be4
{[%clk 0:05:58]} Rb7 {[%clk 0:05:32]} 28. b3 {[%clk 0:05:44]} Qc8
{[%clk 0:05:15]} 29. Bxf5 {[%clk 0:04:03]} Qxf5 {[%clk 0:04:56]} 30. Ne4
{[%clk 0:04:12]} Re7 {[%clk 0:03:53]} 31. bxc4 {[%clk 0:04:03]} Rxe4
{[%clk 0:03:01]} 32. Qxd3 {[%clk 0:04:11]} Rxe2+ {[%clk 0:03:02]} 33. Qxe2
{[%clk 0:04:20]} h4 {[%clk 0:03:03]} 34. Qb2+ {[%clk 0:02:52]} Kh7
{[%clk 0:03:11]} 35. Qd2 {[%clk 0:02:49]} Qc8 {[%clk 0:02:59]} 36. Qe2
{[%clk 0:02:34]} hxg3+ {[%clk 0:02:59]} 37. Kxg3 {[%clk 0:02:20]} Qc5
{[%clk 0:03:08]} 38. Kf3 {[%clk 0:01:56]} Qg1 {[%clk 0:03:00]} 39. Ke4
{[%clk 0:00:47]} Qh1+ {[%clk 0:03:07]} 40. Kd4 {[%clk 0:00:44]} Qg1+
{[%clk 0:03:16]} 41. Kd3 {[%clk 0:00:47]} Qb1+ {[%clk 0:03:20]} 42. Kc3
{[%clk 0:00:49]} Qc1+ {[%clk 0:03:28]} 43. Kb3 {[%clk 0:00:52]} Qxf4
{[%clk 0:03:33]} 44. Qd3 {[%clk 0:00:44]} Qf2 {[%clk 0:03:37]} 45. a4
{[%clk 0:00:42]} Qb6+ {[%clk 0:03:45]} 46. Ka3 {[%clk 0:00:48]} f5
{[%clk 0:03:48]} 47. Qe2 {[%clk 0:00:48]} Qc7 {[%clk 0:03:37]} 48. Kb4
{[%clk 0:00:34]} f4 {[%clk 0:03:34]} 49. a5 {[%clk 0:00:29]} Qc5+
{[%clk 0:03:41]} 50. Kb3 {[%clk 0:00:37]} Kh6 {[%clk 0:03:41]} 51. Qf3
{[%clk 0:00:40]} g5 {[%clk 0:03:43]} 52. Qe4 {[%clk 0:00:42]} Qxa5
{[%clk 0:03:19]} 53. Qe6+ {[%clk 0:00:50]} Kh5 {[%clk 0:03:28]} 54. Qg4+
{[%clk 0:00:59]} Kh6 {[%clk 0:03:37]} 55. Qe6+ {[%clk 0:01:08]} Kh5
{[%clk 0:03:46]} 1/2-1/2

[Event "Rapid 2018"]
[Site "Saint-Petersburg"]
[Date "2018.12.28"]
[Round "11"]
[Board "75"]
[White "Shaposhnikov Evgeny (RUS)"]
[Black "Maghsoodloo Parham (IRI)"]
[Result "1-0"]
[LiveChessVersion "1.4.8"]
[BlackElo "2463"]
[WhiteElo "2613"]

1. Nf3 {[%clk 0:15:17]} d5 {[%clk 0:15:18]} 2. d4 {[%clk 0:15:21]} c5
{[%clk 0:15:09]} 3. c4 {[%clk 0:15:24]} cxd4 {[%clk 0:14:41]} 4. cxd5
{[%clk 0:15:27]} Nf6 {[%clk 0:14:30]} 5. Qxd4 {[%clk 0:15:12]} Qxd5
{[%clk 0:14:24]} 6. Nc3 {[%clk 0:15:18]} Qxd4 {[%clk 0:14:27]} 7. Nxd4
{[%clk 0:15:26]} a6 {[%clk 0:14:35]} 8. Bg5 {[%clk 0:15:19]} Nbd7
{[%clk 0:13:57]} 9. e4 {[%clk 0:14:12]} e6 {[%clk 0:13:40]} 10. f3
{[%clk 0:13:09]} Bc5 {[%clk 0:12:23]} 11. O-O-O {[%clk 0:12:51]} b5
{[%clk 0:12:29]} 12. Nc6 {[%clk 0:12:51]} h6 {[%clk 0:10:00]} 13. Bf4
{[%clk 0:12:57]} Bb6 {[%clk 0:07:41]} 14. a4 {[%clk 0:12:57]} g5 {[%clk 0:04:43]}
15. Bd6 {[%clk 0:12:47]} bxa4 {[%clk 0:04:05]} 16. Nxa4 {[%clk 0:12:55]} Be3+
{[%clk 0:04:06]} 17. Kb1 {[%clk 0:13:03]} a5 {[%clk 0:03:25]} 18. Rd3
{[%clk 0:10:25]} Bf2 {[%clk 0:02:04]} 19. Rb3 {[%clk 0:09:39]} g4
{[%clk 0:01:46]} 20. Bb5 {[%clk 0:09:30]} gxf3 {[%clk 0:01:14]} 21. gxf3
{[%clk 0:09:25]} Ba6 {[%clk 0:01:07]} 22. Rf1 {[%clk 0:08:30]} Bxb5
{[%clk 0:01:02]} 23. Rxb5 {[%clk 0:08:38]} Ra6 {[%clk 0:01:11]} 24. Rxf2
{[%clk 0:08:24]} Rxc6 {[%clk 0:01:19]} 25. Rd2 {[%clk 0:07:40]} Nd5
{[%clk 0:00:48]} 26. Ba3 {[%clk 0:05:59]} Nc7 {[%clk 0:00:26]} 27. Rxa5
{[%clk 0:05:58]} Rg8 {[%clk 0:00:22]} 28. Ra7 {[%clk 0:04:36]} Rg5
{[%clk 0:00:14]} 29. Bd6 {[%clk 0:04:26]} Kd8 {[%clk 0:00:16]} 30. Nb6
{[%clk 0:03:57]} Rb5 {[%clk 0:00:00]} 1-0

[Event "Rapid 2018"]
[Site "Saint-Petersburg"]
[Date "2018.12.28"]
[Round "11"]
[Board "76"]
[White "Huzman Alexander (ISR)"]
[Black "Sanikidze Tornike (GEO)"]
[Result "1-0"]
[LiveChessVersion "1.4.8"]
[BlackElo "2483"]
[WhiteElo "2572"]

1. d4 {[%clk 0:15:16]} d6 {[%clk 0:15:10]} 2. Nf3 {[%clk 0:15:19]} g6
{[%clk 0:15:14]} 3. c4 {[%clk 0:15:15]} Bg7 {[%clk 0:15:20]} 4. e4
{[%clk 0:15:09]} e5 {[%clk 0:15:21]} 5. Be2 {[%clk 0:13:59]} exd4
{[%clk 0:15:20]} 6. Nxd4 {[%clk 0:14:08]} Ne7 {[%clk 0:15:25]} 7. h4
{[%clk 0:13:50]} Nbc6 {[%clk 0:15:27]} 8. Be3 {[%clk 0:13:59]} f5
{[%clk 0:14:57]} 9. Nc3 {[%clk 0:13:14]} O-O {[%clk 0:13:16]} 10. Qd2
{[%clk 0:13:22]} fxe4 {[%clk 0:07:09]} 11. Nxe4 {[%clk 0:12:52]} Nf5
{[%clk 0:06:58]} 12. Nxf5 {[%clk 0:12:47]} gxf5 {[%clk 0:06:05]} 13. Nc3
{[%clk 0:12:56]} Qf6 {[%clk 0:06:06]} 14. Bg5 {[%clk 0:11:39]} Qf7
{[%clk 0:05:59]} 15. Bh6 {[%clk 0:10:44]} Bxh6 {[%clk 0:05:29]} 16. Qxh6
{[%clk 0:10:52]} Nd4 {[%clk 0:05:37]} 17. Bd3 {[%clk 0:09:41]} Re8+
{[%clk 0:04:20]} 18. Kd2 {[%clk 0:09:47]} Be6 {[%clk 0:04:25]} 19. b3
{[%clk 0:08:48]} c5 {[%clk 0:04:03]} 20. Rhe1 {[%clk 0:06:32]} Kh8
{[%clk 0:03:54]} 21. Re3 {[%clk 0:05:38]} Rg8 {[%clk 0:01:12]} 22. g3
{[%clk 0:05:39]} Rad8 {[%clk 0:01:01]} 23. h5 {[%clk 0:04:49]} b5
{[%clk 0:00:17]} 24. Rae1 {[%clk 0:04:45]} bxc4 {[%clk 0:00:12]} 25. bxc4
{[%clk 0:04:54]} Rge8 {[%clk 0:00:13]} 26. Nb5 {[%clk 0:03:46]} Nxb5
{[%clk 0:00:12]} 27. Rxe6 {[%clk 0:03:55]} Rxe6 {[%clk 0:00:12]} 28. Rxe6
{[%clk 0:04:04]} Nd4 {[%clk 0:00:16]} 29. Rxd6 {[%clk 0:04:11]} Nf3+
{[%clk 0:00:14]} 30. Kc3 {[%clk 0:03:53]} Rxd6 {[%clk 0:00:16]} 31. Qxd6
{[%clk 0:04:01]} Qg7+ {[%clk 0:00:25]} 32. Kc2 {[%clk 0:03:37]} Nd4+
{[%clk 0:00:13]} 33. Kc1 {[%clk 0:02:50]} Qg5+ {[%clk 0:00:22]} 34. Kb1
{[%clk 0:02:57]} Kg7 {[%clk 0:00:12]} 35. Qxc5 {[%clk 0:03:04]} Qf6
{[%clk 0:00:19]} 36. Qxa7+ {[%clk 0:02:47]} Kh6 {[%clk 0:00:28]} 37. c5
{[%clk 0:02:48]} Qe5 {[%clk 0:00:32]} 38. Qa5 {[%clk 0:02:34]} Kxh5
{[%clk 0:00:14]} 39. Qc3 {[%clk 0:02:44]} Qb8+ {[%clk 0:00:13]} 40. Kc1
{[%clk 0:02:42]} Qe5 {[%clk 0:00:22]} 41. c6 {[%clk 0:01:38]} Kg6
{[%clk 0:00:17]} 42. Kd1 {[%clk 0:01:43]} Qd5 {[%clk 0:00:13]} 43. c7
{[%clk 0:01:38]} Qf3+ {[%clk 0:00:15]} 44. Ke1 {[%clk 0:01:41]} Qh1+
{[%clk 0:00:12]} 45. Kd2 {[%clk 0:01:50]} Nf3+ {[%clk 0:00:13]} 46. Ke3
{[%clk 0:01:29]} Ng1 {[%clk 0:00:12]} 47. Bxf5+ {[%clk 0:01:33]} Kh5
{[%clk 0:00:12]} 48. Be4 {[%clk 0:01:34]} 1-0

[Event "Rapid 2018"]
[Site "Saint-Petersburg"]
[Date "2018.12.28"]
[Round "11"]
[Board "77"]
[White "Usmanov Vasily (RUS)"]
[Black "Zablotsky Sergei (RUS)"]
[Result "1-0"]
[LiveChessVersion "1.4.8"]
[BlackElo "2542"]
[WhiteElo "2459"]

1. b3 {[%clk 0:15:18]} c5 {[%clk 0:14:17]} 2. Bb2 {[%clk 0:15:20]} Nc6
{[%clk 0:14:25]} 3. Nf3 {[%clk 0:15:27]} d5 {[%clk 0:14:28]} 4. e3
{[%clk 0:15:36]} Nf6 {[%clk 0:14:24]} 5. Bb5 {[%clk 0:15:42]} Bd7
{[%clk 0:14:23]} 6. O-O {[%clk 0:15:10]} a6 {[%clk 0:14:29]} 7. Bxc6
{[%clk 0:15:17]} Bxc6 {[%clk 0:14:36]} 8. Ne5 {[%clk 0:15:25]} Rc8
{[%clk 0:14:41]} 9. c4 {[%clk 0:14:59]} e6 {[%clk 0:14:23]} 10. Nxc6
{[%clk 0:14:17]} Rxc6 {[%clk 0:14:30]} 11. cxd5 {[%clk 0:14:25]} exd5
{[%clk 0:14:28]} 12. d4 {[%clk 0:14:13]} cxd4 {[%clk 0:09:35]} 13. Bxd4
{[%clk 0:13:53]} Bc5 {[%clk 0:09:42]} 14. Nc3 {[%clk 0:13:44]} Bxd4
{[%clk 0:05:42]} 15. Qxd4 {[%clk 0:13:52]} O-O {[%clk 0:04:47]} 16. Rfd1
{[%clk 0:13:59]} Qc7 {[%clk 0:03:52]} 17. Nxd5 {[%clk 0:13:54]} Nxd5
{[%clk 0:04:00]} 18. Qxd5 {[%clk 0:14:02]} g6 {[%clk 0:03:56]} 19. g3
{[%clk 0:13:41]} Rc2 {[%clk 0:03:52]} 20. Rd2 {[%clk 0:12:03]} Rxd2
{[%clk 0:03:54]} 21. Qxd2 {[%clk 0:12:10]} Rd8 {[%clk 0:04:03]} 22. Qe2
{[%clk 0:12:05]} Qa5 {[%clk 0:03:38]} 23. Rc1 {[%clk 0:10:57]} Qd2
{[%clk 0:03:06]} 24. Rc2 {[%clk 0:10:39]} Qxe2 {[%clk 0:02:45]} 25. Rxe2
{[%clk 0:10:48]} Rd1+ {[%clk 0:02:53]} 26. Kg2 {[%clk 0:10:56]} Kf8
{[%clk 0:02:57]} 27. Rc2 {[%clk 0:11:05]} h5 {[%clk 0:02:53]} 28. h4
{[%clk 0:11:11]} Ra1 {[%clk 0:02:55]} 29. Kf3 {[%clk 0:11:17]} Ke7
{[%clk 0:03:03]} 30. Kf4 {[%clk 0:09:11]} Ke6 {[%clk 0:02:19]} 31. Kg5
{[%clk 0:08:42]} a5 {[%clk 0:02:09]} 32. a4 {[%clk 0:08:28]} Rb1 {[%clk 0:01:56]}
33. Rc3 {[%clk 0:08:35]} Rf1 {[%clk 0:01:55]} 34. Rc2 {[%clk 0:08:13]} Rb1
{[%clk 0:02:04]} 35. Rc5 {[%clk 0:07:37]} Rxb3 {[%clk 0:01:56]} 36. Rxa5
{[%clk 0:07:46]} Rb2 {[%clk 0:01:46]} 37. f3 {[%clk 0:07:39]} Rf2
{[%clk 0:01:31]} 38. Kf4 {[%clk 0:07:35]} Ra2 {[%clk 0:01:38]} 39. Kg5
{[%clk 0:05:50]} Rf2 {[%clk 0:01:35]} 40. f4 {[%clk 0:05:52]} Rf3
{[%clk 0:01:38]} 41. Re5+ {[%clk 0:06:00]} Kd6 {[%clk 0:01:32]} 42. Kf6
{[%clk 0:06:09]} Rxg3 {[%clk 0:01:36]} 43. Kxf7 {[%clk 0:06:18]} Rg4
{[%clk 0:01:43]} 44. Rg5 {[%clk 0:05:30]} Rxh4 {[%clk 0:01:48]} 45. Kxg6
{[%clk 0:05:35]} Rh3 {[%clk 0:01:51]} 46. e4 {[%clk 0:05:43]} h4 {[%clk 0:01:50]}
47. Rd5+ {[%clk 0:04:48]} Kc6 {[%clk 0:01:08]} 48. Rd1 {[%clk 0:04:45]} Re3
{[%clk 0:00:32]} 49. e5 {[%clk 0:04:08]} h3 {[%clk 0:00:41]} 50. Kf6
{[%clk 0:02:43]} h2 {[%clk 0:00:46]} 51. e6 {[%clk 0:02:47]} Rh3 {[%clk 0:00:23]}
52. e7 {[%clk 0:02:34]} Rh8 {[%clk 0:00:29]} 53. f5 {[%clk 0:02:31]} Kc7
{[%clk 0:00:16]} 54. Kg7 {[%clk 0:02:15]} 1-0

[Event "Rapid 2018"]
[Site "Saint-Petersburg"]
[Date "2018.12.28"]
[Round "11"]
[Board "78"]
[White "Christiansen Johan-Sebastian (NOR)"]
[Black "Anisimov Pavel (RUS)"]
[Result "1/2-1/2"]
[LiveChessVersion "1.4.8"]
[BlackElo "2513"]
[WhiteElo "2421"]

1. e4 {[%clk 0:15:17]} c5 {[%clk 0:15:19]} 2. Nf3 {[%clk 0:15:17]} d6
{[%clk 0:15:27]} 3. Bb5+ {[%clk 0:15:16]} Nd7 {[%clk 0:15:34]} 4. O-O
{[%clk 0:15:17]} Ngf6 {[%clk 0:15:37]} 5. Re1 {[%clk 0:15:23]} a6
{[%clk 0:15:36]} 6. Bf1 {[%clk 0:15:31]} e5 {[%clk 0:15:13]} 7. c3
{[%clk 0:15:29]} Be7 {[%clk 0:13:57]} 8. d4 {[%clk 0:15:37]} b5 {[%clk 0:13:57]}
9. a4 {[%clk 0:15:25]} Rb8 {[%clk 0:12:58]} 10. axb5 {[%clk 0:15:33]} axb5
{[%clk 0:13:07]} 11. Na3 {[%clk 0:15:34]} b4 {[%clk 0:10:56]} 12. Nc4
{[%clk 0:15:41]} Qc7 {[%clk 0:10:59]} 13. Bg5 {[%clk 0:12:39]} O-O
{[%clk 0:10:01]} 14. Bh4 {[%clk 0:10:01]} Re8 {[%clk 0:09:14]} 15. dxe5
{[%clk 0:08:15]} dxe5 {[%clk 0:09:10]} 16. Nfxe5 {[%clk 0:07:36]} Nxe5
{[%clk 0:08:25]} 17. Nxe5 {[%clk 0:07:44]} bxc3 {[%clk 0:08:17]} 18. bxc3 Bd6
{[%clk 0:05:31]} 19. Bxf6 {[%clk 0:06:37]} Bxe5 {[%clk 0:05:33]} 20. Bxe5
{[%clk 0:06:46]} Qxe5 {[%clk 0:05:43]} 21. Qd2 {[%clk 0:06:06]} Be6
{[%clk 0:05:24]} 22. Rad1 {[%clk 0:05:19]} f6 {[%clk 0:05:22]} 23. h3
{[%clk 0:04:40]} Rb3 {[%clk 0:05:21]} 24. Re3 {[%clk 0:04:44]} Reb8
{[%clk 0:05:16]} 25. Qd6 {[%clk 0:04:07]} Qxd6 {[%clk 0:04:48]} 26. Rxd6
{[%clk 0:04:15]} Kf7 {[%clk 0:03:39]} 27. Kh2 {[%clk 0:04:24]} R3b6
{[%clk 0:03:38]} 28. Rd2 {[%clk 0:02:24]} Rb2 {[%clk 0:03:45]} 29. Red3
{[%clk 0:01:48]} R8b3 {[%clk 0:03:39]} 30. Rxb2 {[%clk 0:01:12]} Rxb2
{[%clk 0:03:48]} 31. Rf3 {[%clk 0:01:20]} Ke7 {[%clk 0:03:18]} 32. Kg3
{[%clk 0:01:30]} g5 {[%clk 0:03:02]} 33. h4 {[%clk 0:01:24]} h6 {[%clk 0:03:10]}
34. hxg5 {[%clk 0:01:32]} hxg5 {[%clk 0:03:18]} 35. Re3 {[%clk 0:01:35]} Kd6
{[%clk 0:03:12]} 36. f4 {[%clk 0:00:46]} gxf4+ {[%clk 0:03:21]} 37. Kxf4
{[%clk 0:00:55]} Rf2+ {[%clk 0:03:29]} 38. Rf3 {[%clk 0:01:05]} Rc2
{[%clk 0:03:28]} 39. Rd3+ {[%clk 0:00:44]} Ke7 {[%clk 0:03:37]} 40. Re3
{[%clk 0:00:45]} Kd6 {[%clk 0:03:32]} 41. Be2 {[%clk 0:00:50]} Rc1
{[%clk 0:03:23]} 42. Bf3 {[%clk 0:00:48]} c4 {[%clk 0:02:58]} 43. g4
{[%clk 0:00:39]} Rc2 {[%clk 0:03:01]} 44. Be2 {[%clk 0:00:43]} Rc1
{[%clk 0:03:04]} 45. Rg3 {[%clk 0:00:28]} Rc2 {[%clk 0:03:10]} 46. Re3
{[%clk 0:00:36]} Rc1 {[%clk 0:03:19]} 47. Bf3 {[%clk 0:00:41]} Rc2
{[%clk 0:03:25]} 48. Bd1 {[%clk 0:00:33]} Rc1 {[%clk 0:03:29]} 49. Be2
{[%clk 0:00:42]} Rc2 {[%clk 0:03:36]} 50. Bf3 {[%clk 0:00:23]} Rc1
{[%clk 0:03:45]} 51. Bg2 {[%clk 0:00:24]} Rc2 {[%clk 0:03:36]} 52. Rg3
{[%clk 0:00:22]} Rf2+ {[%clk 0:03:17]} 53. Bf3 {[%clk 0:00:16]} Rc2
{[%clk 0:03:22]} 54. Bh1 {[%clk 0:00:13]} Rf2+ {[%clk 0:03:18]} 55. Bf3
{[%clk 0:00:13]} Rc2 {[%clk 0:02:54]} 56. Bd1 {[%clk 0:00:22]} Rd2
{[%clk 0:02:57]} 57. Bf3 {[%clk 0:00:28]} Rc2 {[%clk 0:03:04]} 58. Bg2
{[%clk 0:00:21]} Rf2+ {[%clk 0:03:10]} 59. Bf3 {[%clk 0:00:23]} Rc2
{[%clk 0:03:19]} 60. Bd1 {[%clk 0:00:21]} Rd2 {[%clk 0:03:27]} 1/2-1/2

[Event "Rapid 2018"]
[Site "Saint-Petersburg"]
[Date "2018.12.28"]
[Round "11"]
[Board "79"]
[White "Belozerov Andrei (RUS)"]
[Black "Kabanov Nikolai (RUS)"]
[Result "0-1"]
[LiveChessVersion "1.4.8"]
[BlackElo "2403"]
[WhiteElo "2511"]

1. d4 {[%clk 0:15:15]} Nf6 {[%clk 0:15:18]} 2. c4 {[%clk 0:15:21]} c5
{[%clk 0:15:20]} 3. Nf3 {[%clk 0:15:23]} cxd4 {[%clk 0:15:16]} 4. Nxd4
{[%clk 0:15:32]} e6 {[%clk 0:15:00]} 5. g3 {[%clk 0:15:34]} Bb4+ {[%clk 0:14:55]}
6. Bd2 {[%clk 0:15:17]} Qb6 {[%clk 0:14:18]} 7. e3 {[%clk 0:15:11]} Nc6
{[%clk 0:10:14]} 8. Bg2 {[%clk 0:15:00]} d5 {[%clk 0:10:01]} 9. O-O
{[%clk 0:13:22]} Nxd4 {[%clk 0:09:31]} 10. exd4 {[%clk 0:12:52]} Bxd2
{[%clk 0:09:32]} 11. Qxd2 {[%clk 0:12:56]} O-O {[%clk 0:07:27]} 12. c5
{[%clk 0:12:53]} Qc7 {[%clk 0:07:23]} 13. Nc3 {[%clk 0:13:00]} Bd7
{[%clk 0:07:27]} 14. b4 {[%clk 0:13:05]} b6 {[%clk 0:07:04]} 15. Rfc1
{[%clk 0:12:37]} a5 {[%clk 0:04:44]} 16. a3 {[%clk 0:11:49]} Ra7 {[%clk 0:04:01]}
17. Rab1 {[%clk 0:10:19]} axb4 {[%clk 0:03:52]} 18. axb4 {[%clk 0:10:27]} b5
{[%clk 0:03:15]} 19. Ra1 {[%clk 0:09:19]} Bc6 {[%clk 0:03:01]} 20. Qe2
{[%clk 0:08:19]} Rb8 {[%clk 0:03:04]} 21. Qe5 {[%clk 0:08:00]} Qb7
{[%clk 0:02:07]} 22. Rxa7 {[%clk 0:06:43]} Qxa7 {[%clk 0:02:15]} 23. Bf1
{[%clk 0:06:48]} Ne4 {[%clk 0:02:01]} 24. Ra1 {[%clk 0:06:07]} Qb7
{[%clk 0:02:10]} 25. Ra6 {[%clk 0:04:40]} Ra8 {[%clk 0:01:33]} 26. Nxe4
{[%clk 0:03:05]} Qxa6 {[%clk 0:01:26]} 27. Nd6 {[%clk 0:03:07]} Qa1
{[%clk 0:01:24]} 28. Nxf7 {[%clk 0:02:43]} Kxf7 {[%clk 0:01:04]} 29. Qc7+
{[%clk 0:02:51]} Kf6 {[%clk 0:01:04]} 30. Qxc6 {[%clk 0:02:52]} Ra2
{[%clk 0:01:09]} 31. Qxb5 {[%clk 0:01:39]} Qxd4 {[%clk 0:01:09]} 32. Be2
{[%clk 0:01:48]} Rb2 {[%clk 0:00:45]} 33. c6 {[%clk 0:01:55]} Qxb4
{[%clk 0:00:29]} 34. Qxb4 {[%clk 0:00:17]} Rxb4 {[%clk 0:00:37]} 35. Ba6
{[%clk 0:00:16]} Rb1+ {[%clk 0:00:38]} 36. Kg2 {[%clk 0:00:26]} Rc1
{[%clk 0:00:47]} 37. Bb7 {[%clk 0:00:34]} Ke7 {[%clk 0:00:32]} 38. h4
{[%clk 0:00:36]} Kd6 {[%clk 0:00:40]} 39. f4 {[%clk 0:00:45]} h5 {[%clk 0:00:28]}
40. g4 {[%clk 0:00:52]} hxg4 {[%clk 0:00:34]} 41. Kg3 {[%clk 0:01:02]} d4
{[%clk 0:00:39]} 0-1